000 00884nam a2200253Ia 4500
003 OSt
005 20220927110658.0
006 a|||||r|||| 00| 0
007 ta
008 220926b |||||||| |||| 00| 0 eng d
024 _a127856
037 _cReports
040 _aRTL
_cRTL
_beng
041 _2eng
_aeng
082 _a"V2,4:3.N68t, K9/GD"
110 _a"India, Home Affairs (M/O-), Defections (Comtt on-) (1968) (Chairman: P Govinda Menon)"
_9379748
245 0 _aReport. 2pts 1968
260 _aNew
_bDelhi Govt of India Press India
_c1969
490 _vPt 1: Report of the lawyers-group and explanatory dissenting notes by members. 54p
650 _aPolitical Parties
700 _a"India, Home Affairs (M/O-), Defections (Comtt on-) (1968) (Chairman: P Govinda Menon)"
_9379749
942 _h"V2,4:3.N68t, K9/GD"
_cCC
999 _c697616
_d697616